| 000 | 00439nam a22001337a 4500 | ||
|---|---|---|---|
| 005 | 20250929120606.0 | ||
| 020 | _a9780143470069 | ||
| 082 | _a330.98 LOS/L | ||
| 100 |
_aLoser,Claudio M _92258 |
||
| 245 |
_aLatin america : _ba history of economic potential and disappointment , and ahope for future prosperity/ _cby Claudia M Loser |
||
| 260 |
_a. - Haryana _b: Penguin Random House _c, 2024 |
||
| 300 | _axxii+218 pages | ||
| 942 |
_2ddc _cBK |
||
| 999 |
_c751826 _d751826 |
||